000 01312nam a2200265Ia 4500
999 _c54139
_d54139
001 21194
003 GE_BSU
005 20210720165840.0
008 181216s ||||ge |||||||||||||| ||geo||
020 _a999401045X
040 _cGE_BSU
041 _ageo
080 _a343(479.22)(094.4) წ–85
100 _aწულაია, ზაურ
_912304
245 _aსისხლის სამართალი კერძო ნაწილი ტ.1 :
_bსაქართველოს ახალი სისხლის სამართლის კოდექსის 2003წლის 15 აპრილის მდგომარეობის მიხედვით /
_cზაურ წულაია ; რედ. გოჩა მამულაიშვილი.
250 _aმეორე გამოცემა
264 _aთბილისი :
_bინტელექტი,
_c2003.
300 _a368გვ;20სმ.
504 _aბიბლიოგრ. : გვ.364-368
541 _h20ლ.
653 _aსამართალი
653 _aსისხლის სამართლის კერძო ნაწილი
700 _aმამულაიშვილი, გოჩა
_eრედაქტორი
_97762
942 _cBK
_2udc